[Event "Aegean op 30th"]
[Site "Aghios Kirykos"]
[Date "2007.07.09"]
[Round "3"]
[White "Koukoufikis, Georgios"]
[Black "Shneider, Aleksandr"]
[Result "0-1"]
[WhiteElo "2198"]
[BlackElo "2537"]
[PlyCount "52"]
[EventDate "2007.07.07"]
[EventType "swiss"]
[EventRounds "9"]
[EventCountry "GRE"]
[SourceTitle "CBM 119 Extra"]
[Source "ChessBase"]
[SourceDate "2007.09.04"]
[SourceVersion "1"]
[SourceVersionDate "2007.09.04"]
[SourceQuality "1"]

1. g3 c5 2. Bg2 Nc6 3. d3 g6 4. e4 Bg7 5. Ne2 d6 6. c3 e5 7. 0-0 Nge7 8. Na3 0-0 9. Be3 b6 10. Qd2 d5 11. Bh6 dxe4 12. dxe4 Ba6 13. Rfe1 Qxd2 14. Bxd2 Rad8 15. Be3 f5 16. f3 f4 17. Bc1 g5 18. g4 h5 19. h3 hxg4 20. hxg4 Ng6 21. Kf2 Kf7 22. b3 Rh8 23. Rh1 Rxh1 24. Bxh1 Rh8 25. Bg2 Bxe2 26. Kxe2 Rh2 0-1

[Event "Heraklio op-A 11th"]
[Site "Heraklion"]
[Date "2007.06.14"]
[Round "6"]
[White "Koukoufikis, Georgios"]
[Black "Panagiotakos, Nikolaos"]
[Result "1-0"]
[WhiteElo "2198"]
[BlackElo "2051"]
[PlyCount "109"]
[EventDate "2007.06.09"]
[EventType "swiss"]
[EventRounds "9"]
[EventCountry "GRE"]
[SourceTitle "EXT 2008"]
[Source "ChessBase"]
[SourceDate "2007.11.25"]
[SourceVersion "1"]
[SourceVersionDate "2007.11.25"]
[SourceQuality "1"]

1. g3 g6 2. Bg2 Bg7 3. e4 e5 4. Ne2 c5 5. d3 d6 6. Be3 Nc6 7. c3 f5 8. f4 Nge7 9. 0-0 0-0 10. Nd2 Be6 11. Nf3 h6 12. fxe5 fxe4 13. dxe4 Nxe5 14. Nxe5 Bxe5 15. Bxh6 Rxf1+ 16. Qxf1 Qb6 17. Qc1 Bg4 18. Qd2 Qb5 19. Nf4 Re8 20. Bg5 Kh7 21. Nd3 Bg7 22. Nf2 Be6 23. Bf4 Rd8 24. Nh3 Bxh3 25. Bxh3 Qb6 26. Be6 Be5 27. Bg5 c4+ 28. Kh1 Rf8 29. Be3 Qc6 30. Qg2 Kg7 31. Re1 Rf6 32. Bg4 Ng8 33. Bg5 Rf8 34. Be6 Nf6 35. Qe2 Re8 36. Bxc4 Bxc3 37. Bxf6+ Bxf6 38. Bb5 Rxe4 39. Qxe4 Qxb5 40. b3 d5 41. Qe8 Qd3 42. Qe2 Qf5 43. Rf1 Qd7 44. Qf3 Qc6 45. Rd1 d4 46. Qxc6 bxc6 47. Rc1 Bg5 48. Rxc6 d3 49. Rd6 d2 50. Kg2 Kf7 51. Kf3 Ke7 52. Rd3 Ke6 53. Ke2 Kf5 54. Rd5+ Kg4 55. h3+ 1-0

[Event "Heraklio op-A 11th"]
[Site "Heraklion"]
[Date "2007.06.11"]
[Round "3"]
[White "Moutousis, Konstantinos"]
[Black "Koukoufikis, Georgios"]
[Result "1-0"]
[WhiteElo "2425"]
[BlackElo "2198"]
[PlyCount "177"]
[EventDate "2007.06.09"]
[EventType "swiss"]
[EventRounds "9"]
[EventCountry "GRE"]
[SourceTitle "EXT 2008"]
[Source "ChessBase"]
[SourceDate "2007.11.25"]
[SourceVersion "1"]
[SourceVersionDate "2007.11.25"]
[SourceQuality "1"]

1. d4 d6 2. e4 g6 3. c4 Bg7 4. Ne2 Nd7 5. Nbc3 e5 6. g3 Ne7 7. Bg2 0-0 8. b3 f5 9. d5 f4 10. Bh3 Nf6 11. Bxc8 Qxc8 12. h3 fxg3 13. Nxg3 h6 14. Be3 Qd7 15. Qd2 Kh7 16. 0-0-0 a6 17. c5 dxc5 18. Bxc5 Rfd8 19. Kb1 b6 20. Be3 c5 21. f4 exf4 22. Bxf4 c4 23. d6 cxb3 24. dxe7 Qxe7 25. Bd6 bxa2+ 26. Nxa2 Qe6 27. e5 Ne8 28. Qd5 Qxd5 29. Rxd5 Bxe5 30. Rxe5 Nxd6 31. Re7+ Kh8 32. Nc3 Re8 33. Rhe1 Rxe7 34. Rxe7 Re8 35. Rd7 Re6 36. Nge2 Nb5 37. Kc2 Nxc3 38. Nxc3 b5 39. Kd3 b4 40. Nd5 a5 41. Ra7 g5 42. Rxa5 Kg7 43. Rb5 Re1 44. Ne3 Rh1 45. h4 gxh4 46. Rxb4 h3 47. Rh4 h2 48. Ke4 Kg6 49. Kf4 h5 50. Rh3 Ra1 51. Rxh2 Ra4+ 52. Kf3 Ra5 53. Rb2 Ra6 54. Rb8 Rf6+ 55. Kg3 Ra6 56. Rh8 Ra5 57. Kf3 Ra7 58. Nd5 Ra3+ 59. Kf4 Ra1 60. Kf3 Ra3+ 61. Ne3 Ra7 62. Ng2 Ra3+ 63. Kf4 Ra4+ 64. Kg3 Ra3+ 65. Kh2 Ra2 66. Rg8+ Kf6 67. Rg3 Ra4 68. Ne3 Ra5 69. Kh3 Ra4 70. Rf3+ Kg6 71. Ng2 Kg5 72. Rg3+ Kf6 73. Nh4 Ra5 74. Rg6+ Kf7 75. Rb6 Rg5 76. Nf3 Rf5 77. Kg3 Rf6 78. Rb7+ Kg6 79. Rb5 Kh6 80. Nh4 Ra6 81. Nf5+ Kg6 82. Ne7+ Kh6 83. Kf4 Rf6+ 84. Ke5 Rf1 85. Rb6+ Kg7 86. Nf5+ Kf7 87. Rf6+ Ke8 88. Nd6+ Kd7 89. Rxf1 1-0

[Event "Heraklio op-A 11th"]
[Site "Heraklion"]
[Date "2007.06.10"]
[Round "2"]
[White "Koukoufikis, Georgios"]
[Black "Vrettos, Vasilios"]
[Result "1-0"]
[WhiteElo "2198"]
[BlackElo "1996"]
[PlyCount "53"]
[EventDate "2007.06.09"]
[EventType "swiss"]
[EventRounds "9"]
[EventCountry "GRE"]
[SourceTitle "EXT 2008"]
[Source "ChessBase"]
[SourceDate "2007.11.25"]
[SourceVersion "1"]
[SourceVersionDate "2007.11.25"]
[SourceQuality "1"]

1. e4 Nf6 2. Nc3 d5 3. exd5 Nxd5 4. Qf3 Nf6 5. Bc4 Nc6 6. Bb5 Bd7 7. Nge2 g6 8. d4 Na5 9. Bd3 Bg4 10. Qf4 a6 11. Ne4 Be6 12. Nxf6+ exf6 13. b3 Bd5 14. 0-0 Bd6 15. Qd2 c5 16. c4 Be6 17. dxc5 Be5 18. Rb1 Qc7 19. Qe3 f5 20. Nf4 0-0-0 21. Nxe6 fxe6 22. Kh1 Rhe8 23. b4 Nc6 24. b5 axb5 25. cxb5 Bxh2 26. bxc6 bxc6 27. Ba6+ 1-0

[Event "Aegean op 29th"]
[Site "Aghios Kirykos"]
[Date "2006.07.19"]
[Round "9"]
[White "Koukoufikis, Georgios"]
[Black "Goumas, Georgios"]
[Result "1-0"]
[WhiteElo "2188"]
[BlackElo "2121"]
[PlyCount "67"]
[EventDate "2006.07.12"]
[EventType "swiss"]
[EventRounds "9"]
[EventCountry "GRE"]
[SourceTitle "CBM 113 Extra"]
[Source "ChessBase"]
[SourceDate "2006.09.14"]
[SourceVersion "1"]
[SourceVersionDate "2006.09.14"]
[SourceQuality "1"]

1. g3 c5 2. Bg2 d5 3. Nf3 Nc6 4. d3 Bg4 5. h3 Bh5 6. Nbd2 Nf6 7. c3 e6 8. 0-0 Be7 9. Qc2 h6 10. Re1 0-0 11. Nh4 Nd7 12. Nhf3 Nf6 13. Nh2 d4 14. Bxc6 bxc6 15. cxd4 cxd4 16. Qxc6 Bb4 17. Qa4 Rb8 18. Nhf1 Nd7 19. a3 Nc5 20. Qc2 Bxd2 21. Nxd2 Rc8 22. Nc4 f5 23. b4 Nd7 24. Qb3 Qf6 25. f3 Kh8 26. Kh2 e5 27. Qa4 Rf7 28. Rf1 Qe6 29. Bd2 e4 30. Rae1 e3 31. Bc1 Rxc4 32. dxc4 Qxc4 33. Qxa7 Ne5 34. Qb8+ 1-0

[Event "Athens Acropolis op"]
[Site "Athens"]
[Date "2005.03.14"]
[Round "9"]
[White "Fragiadakis, Konstantinos"]
[Black "Koukoufikis, Georgios"]
[Result "1/2-1/2"]
[WhiteElo "2218"]
[BlackElo "2144"]
[PlyCount "20"]
[EventDate "2005.03.06"]
[EventType "swiss"]
[EventRounds "9"]
[EventCountry "GRE"]
[SourceTitle "CBM 105 Extra"]
[Source "ChessBase"]
[SourceDate "2005.05.01"]
[SourceVersion "1"]
[SourceVersionDate "2005.05.01"]
[SourceQuality "1"]

1. e4 e5 2. Nf3 Nf6 3. d4 exd4 4. e5 Nd5 5. Qxd4 Nb6 6. Bg5 Be7 7. e6 f6 8. exd7+ Qxd7 9. Qxd7+ Bxd7 10. Bf4 Nd5 1/2-1/2

[Event "Athens Acropolis op"]
[Site "Athens"]
[Date "2005.03.13"]
[Round "8"]
[White "Koukoufikis, Georgios"]
[Black "Zahilas, Loukas N"]
[Result "1/2-1/2"]
[WhiteElo "2144"]
[BlackElo "2211"]
[PlyCount "34"]
[EventDate "2005.03.06"]
[EventType "swiss"]
[EventRounds "9"]
[EventCountry "GRE"]
[SourceTitle "CBM 105 Extra"]
[Source "ChessBase"]
[SourceDate "2005.05.01"]
[SourceVersion "1"]
[SourceVersionDate "2005.05.01"]
[SourceQuality "1"]

1. e4 c5 2. Nc3 Nc6 3. g3 g6 4. Bg2 Bg7 5. d3 d6 6. Be3 e5 7. Qd2 Be6 8. Nf3 Nd4 9. Ng5 Bd7 10. f4 f6 11. Nf3 Ne7 12. 0-0 0-0 13. Ne2 Rc8 14. c3 Nxf3+ 15. Bxf3 b6 16. Rfd1 Be6 17. Bg2 Qc7 1/2-1/2

[Event "Athens Acropolis op"]
[Site "Athens"]
[Date "2005.03.12"]
[Round "7"]
[White "Koukoufikis, Georgios"]
[Black "Dorfanis, Ilarion"]
[Result "1/2-1/2"]
[WhiteElo "2144"]
[BlackElo "2195"]
[PlyCount "87"]
[EventDate "2005.03.06"]
[EventType "swiss"]
[EventRounds "9"]
[EventCountry "GRE"]
[SourceTitle "CBM 105 Extra"]
[Source "ChessBase"]
[SourceDate "2005.05.01"]
[SourceVersion "1"]
[SourceVersionDate "2005.05.01"]
[SourceQuality "1"]

1. e4 e6 2. d4 d5 3. Nd2 Be7 4. exd5 exd5 5. Bd3 Nf6 6. Ngf3 Bg4 7. 0-0 0-0 8. Re1 Re8 9. Nf1 Bd6 10. Bg5 Rxe1 11. Qxe1 Bxf3 12. gxf3 Nbd7 13. Ne3 h6 14. Bh4 c6 15. c3 Bf4 16. Qf1 Bg5 17. Bxg5 hxg5 18. Qh3 Nf8 19. Kf1 Qd6 20. Nf5 Qc7 21. Qg3 Ne6 22. Re1 Ne8 23. Qh3 Nf6 24. Qg3 Qxg3 25. hxg3 Re8 26. Nd6 Re7 27. Nf5 Rd7 28. Kg2 g6 29. Ne3 Kg7 30. Ng4 Nxg4 31. fxg4 Re7 32. Re5 Kf6 33. Re2 Nc7 34. Rxe7 Kxe7 35. f4 Kf6 36. Kf3 Ne8 37. b4 Nd6 38. Ke3 b5 39. Kf3 Nc8 40. Bc2 Nb6 41. Bb3 a6 42. Ke3 Nc8 43. Bc2 Nd6 44. Bd3 1/2-1/2

[Event "Athens Acropolis op"]
[Site "Athens"]
[Date "2005.03.09"]
[Round "4"]
[White "Koukoufikis, Georgios"]
[Black "Papargiriou, Anastasios"]
[Result "1/2-1/2"]
[WhiteElo "2144"]
[BlackElo "2139"]
[PlyCount "62"]
[EventDate "2005.03.06"]
[EventType "swiss"]
[EventRounds "9"]
[EventCountry "GRE"]
[SourceTitle "CBM 105 Extra"]
[Source "ChessBase"]
[SourceDate "2005.05.01"]
[SourceVersion "1"]
[SourceVersionDate "2005.05.01"]
[SourceQuality "1"]

1. g3 d5 2. Bg2 Nf6 3. d3 e5 4. Nd2 Be7 5. e4 dxe4 6. dxe4 0-0 7. Ngf3 Nc6 8. h3 Be6 9. 0-0 Nd7 10. Qe2 Bc5 11. Nc4 f6 12. c3 Nb6 13. Nfd2 Qe7 14. b4 Bd6 15. a4 Qf7 16. Nxd6 cxd6 17. Rd1 Rfd8 18. Bf1 d5 19. a5 Nd7 20. exd5 Bxd5 21. b5 Ne7 22. c4 Be6 23. Ne4 Nf5 24. Ba3 b6 25. g4 Nd4 26. Rxd4 exd4 27. Nd6 Qe7 28. Nf5 Qf7 29. Nd6 Qe7 30. Nf5 Qf7 31. Nd6 Qe7 1/2-1/2

[Event "Ikaros op"]
[Site "Ikaros"]
[Date "2003.07.17"]
[Round "6"]
[White "Koukoufikis, Georgios"]
[Black "Vafiadis, Kleanthis"]
[Result "1-0"]
[WhiteElo "2137"]
[BlackElo "2267"]
[PlyCount "181"]
[EventDate "2003.07.12"]
[EventType "swiss"]
[EventRounds "9"]
[EventCountry "GRE"]
[SourceTitle "CBM 095 Extra"]
[Source "ChessBase"]
[SourceDate "2003.09.04"]
[SourceVersion "1"]
[SourceVersionDate "2003.09.04"]
[SourceQuality "1"]

1. e4 Nf6 2. Nc3 e5 3. Nf3 Bb4 4. Nxe5 0-0 5. Be2 Bxc3 6. dxc3 Nxe4 7. c4 Re8 8. Nf3 Qe7 9. c3 Nc6 10. Be3 Ne5 11. Nxe5 Qxe5 12. Qd4 d6 13. Qxe5 dxe5 14. 0-0-0 Nf6 15. Rd2 Be6 16. Bf3 c6 17. b3 Re7 18. Rhd1 Rd7 19. Kb2 Rxd2+ 20. Rxd2 Nd7 21. g3 f6 22. Bh5 g6 23. Be2 Kf7 24. a4 a6 25. c5 Ke7 26. b4 g5 27. f3 Rd8 28. Rd1 h5 29. Rh1 g4 30. f4 Bd5 31. Re1 Rh8 32. fxe5 fxe5 33. Bg5+ Ke6 34. Bh4 Rf8 35. c4 Bf3 36. Bd3 a5 37. Kc3 axb4+ 38. Kxb4 Bg2 39. Bg6 Nb8 40. Ka5 Na6 41. Kb6 Rf2 42. Bxh5 Bf3 43. Rb1 Rc2 44. Kxb7 Nxc5+ 45. Kc7 Nxa4 46. Rb8 Rxc4 47. h3 Nc5 48. Re8+ Kf5 49. hxg4+ Ke4 50. Bg6+ Kd4 51. Bf6 Rb4 52. Bxe5+ Kc4 53. Bf7+ Kd3 54. Bg6+ Kd2 55. Bf4+ Kd1 56. Ra8 Nb3 57. Rd8+ Ke1 58. Bf7 Nd4 59. g5 c5 60. g6 Rb7+ 61. Kd6 c4 62. Kc5 Nf5 63. Kxc4 Rb6 64. Bd5 Be2+ 65. Kc3 Rxg6 66. Rf8 Bg4 67. Be4 Ra6 68. Bxf5 Bf3 69. Bd2+ Kf2 70. Bf4 Kg2 71. Rb8 Ra3+ 72. Kb2 Ra5 73. Bc2 Bc6 74. Kc3 Kf3 75. Bd1+ Ke4 76. Rb4+ Kf5 77. Bc2+ Kf6 78. Be4 Bxe4 79. Rxe4 Kf5 80. Rb4 Rd5 81. Kc4 Rd1 82. Rb5+ Kg4 83. Rd5 Ra1 84. Kd4 Ra4+ 85. Ke3 Ra3+ 86. Rd3 Ra4 87. Rb3 Rc4 88. Rb5 Ra4 89. Rg5+ Kh3 90. Kf3 Ra3+ 91. Be3 1-0

[Event "Patras op"]
[Site "Patras"]
[Date "2002.08.08"]
[Round "9.6"]
[White "Koukoufikis, Georgios"]
[Black "Antic, Dejan"]
[Result "0-1"]
[WhiteElo "2142"]
[BlackElo "2481"]
[PlyCount "98"]
[EventDate "2002.08.??"]
[EventType "swiss"]
[EventRounds "9"]
[EventCountry "GRE"]
[SourceTitle "CBM 089 Extra"]
[Source "ChessBase"]
[SourceDate "2002.09.10"]
[SourceVersion "2"]
[SourceVersionDate "2002.09.10"]
[SourceQuality "1"]

1. e4 e6 2. Nc3 d5 3. g3 c5 4. Bg2 d4 5. Nce2 d3 6. cxd3 Nc6 7. Nh3 Qxd3 8. Nhf4 Qd8 9. 0-0 Nf6 10. b3 Bd6 11. Bb2 e5 12. Nd3 0-0 13. f4 Re8 14. f5 b6 15. Nf2 Ba6 16. Kh1 Nd4 17. d3 Bb7 18. Bc1 a5 19. Nxd4 cxd4 20. g4 h6 21. g5 hxg5 22. Bxg5 Be7 23. Bxf6 Bxf6 24. Ng4 Rc8 25. Rg1 Kf8 26. Qf3 Qd6 27. Qh3 Ke7 28. Nxf6 Qxf6 29. Bf3 Rh8 30. Qg2 Rc3 31. Rac1 Rhc8 32. Qd2 Qh6 33. Qxh6 gxh6 34. Rcd1 Kf6 35. Rg3 Rc1 36. Rxc1 Rxc1+ 37. Rg1 Rc3 38. Be2 Ba6 39. Rg3 Rc2 40. Bf1 Rxa2 41. Rg8 Rd2 42. Rb8 Bxd3 43. Rxb6+ Kg5 44. Bxd3 Rxd3 45. Rb7 Re3 46. Rxf7 Rxe4 47. f6 Kg6 48. Ra7 Kxf6 49. Rxa5 d3 0-1

[Event "Patras op"]
[Site "Patras"]
[Date "2002.08.01"]
[Round "1.23"]
[White "Koukoufikis, Georgios"]
[Black "Spiropoulos, Giorgos"]
[Result "1-0"]
[WhiteElo "2142"]
[BlackElo "1475"]
[PlyCount "119"]
[EventDate "2002.08.??"]
[EventType "swiss"]
[EventRounds "9"]
[EventCountry "GRE"]
[SourceTitle "CBM 089 Extra"]
[Source "ChessBase"]
[SourceDate "2002.09.10"]
[SourceVersion "2"]
[SourceVersionDate "2002.09.10"]
[SourceQuality "1"]

1. e4 c5 2. Nc3 Nc6 3. g3 g6 4. Bg2 Bg7 5. d3 d6 6. Be3 Nf6 7. h3 Bd7 8. Qd2 h6 9. Nge2 Rb8 10. 0-0 b5 11. f4 e6 12. Nd1 b4 13. g4 Ng8 14. f5 g5 15. Ng3 Nf6 16. Nf2 a5 17. Rab1 a4 18. Ne2 Ne5 19. Kh1 Bb5 20. Ng1 Ba6 21. Nf3 Nfd7 22. Nxe5 Bxe5 23. Kg1 Qf6 24. Nh1 Qg7 25. b3 a3 26. Rfd1 Bc3 27. Qf2 e5 28. Ng3 f6 29. Kh2 Nb6 30. Nh5 Qe7 31. Bd2 Bd4 32. Qe1 Kd8 33. Bf1 Nc8 34. c3 bxc3 35. Bxc3 Na7 36. Bxd4 exd4 37. Qa5+ Qc7 38. Qxa6 Rb6 39. Qa5 Ke7 40. Rbc1 Nb5 41. Qd2 Nc3 42. Re1 Kf7 43. Kh1 Rhb8 44. Ng3 Rb4 45. Ne2 Nb5 46. Qxb4 cxb4 47. Rxc7+ Nxc7 48. Nxd4 Na6 49. Rc1 Nc5 50. Rc4 Rb7 51. Nc2 Nxb3 52. axb3 a2 53. Kg1 Ke7 54. Bg2 Ra7 55. Rxb4 a1Q+ 56. Nxa1 Rxa1+ 57. Kf2 Rd1 58. Bf1 Rb1 59. Rb7+ Ke8 60. b4 1-0

[Event "Korinthos op 6th"]
[Site "Korinthos"]
[Date "2002.07.27"]
[Round "5"]
[White "Makropoulou, Marina"]
[Black "Koukoufikis, Georgios"]
[Result "1-0"]
[WhiteElo "2300"]
[BlackElo "2142"]
[PlyCount "71"]
[EventDate "2002.07.23"]
[EventType "swiss"]
[EventRounds "9"]
[EventCountry "GRE"]
[SourceTitle "CBM 089 Extra"]
[Source "ChessBase"]
[SourceDate "2002.09.10"]
[SourceVersion "2"]
[SourceVersionDate "2002.09.10"]
[SourceQuality "1"]

1. e4 d6 2. d4 g6 3. Nc3 Bg7 4. Bc4 Nf6 5. Bb3 Nc6 6. a4 0-0 7. Nge2 e5 8. dxe5 dxe5 9. Be3 Qxd1+ 10. Rxd1 a6 11. f3 Nd8 12. Nd5 Ne6 13. 0-0 b6 14. Ne7+ Kh8 15. Nxc8 Raxc8 16. Bc4 a5 17. c3 Rfd8 18. Nc1 Nd7 19. Bxe6 fxe6 20. Kf2 Bf6 21. Ke2 Be7 22. Nd3 Bd6 23. Rd2 Kg7 24. Rfd1 Rf8 25. Nf2 Nc5 26. Ng4 Rf7 27. Bxc5 bxc5 28. Ne3 Rb8 29. Nc4 Kf6 30. Kd3 Be7 31. Kc2 Ra8 32. Rd7 Ra7 33. Na3 Bd6 34. Rxf7+ Kxf7 35. Nb5 Ra6 36. Nxc7 1-0

[Event "Heraklion op 6th"]
[Site "Heraklion"]
[Date "2002.06.04"]
[Round "7"]
[White "Mitsakos, Achilles"]
[Black "Koukoufikis, Georgios"]
[Result "0-1"]
[WhiteElo "2032"]
[BlackElo "2142"]
[PlyCount "78"]
[EventDate "2002.06.10"]
[EventType "swiss"]
[EventRounds "9"]
[EventCountry "GRE"]
[SourceTitle "EXT 2004"]
[Source "ChessBase"]
[SourceDate "2003.11.25"]
[SourceVersion "1"]
[SourceVersionDate "2003.11.25"]
[SourceQuality "1"]

1. e4 d6 2. d4 Nf6 3. Nc3 g6 4. g3 Bg7 5. Bg2 0-0 6. Nge2 Nc6 7. h3 e5 8. Be3 a6 9. 0-0 b5 10. a3 Rb8 11. b4 Bb7 12. Qd2 Re8 13. d5 Ne7 14. Rad1 Nd7 15. Bh6 Nb6 16. Bxg7 Kxg7 17. f4 Nc4 18. Qc1 f5 19. fxe5 dxe5 20. Rd3 Qd6 21. Kh2 Rf8 22. Kh1 h6 23. Kh2 Qd7 24. Qa1 Qd6 25. Qc1 Rf7 26. Ng1 Rbf8 27. Nf3 f4 28. g4 Nc8 29. Nd1 Qf6 30. Kh1 N8d6 31. Re1 Rh8 32. Qa1 g5 33. Nh2 Bc8 34. Qc3 h5 35. Kg1 hxg4 36. hxg4 Rff8 37. Rh3 Rh7 38. Rxh7+ Kxh7 39. Nf2 Ne3 0-1

[Event "Heraklio op"]
[Site "Heraklion"]
[Date "2001.??.??"]
[Round "8"]
[White "Makris, Nikolaos"]
[Black "Koukoufikis, Georgios"]
[Result "1-0"]
[WhiteElo "2210"]
[BlackElo "2147"]
[PlyCount "48"]
[EventDate "2001.??.??"]
[EventType "swiss"]
[EventRounds "9"]
[EventCountry "GRE"]
[SourceTitle "CBM 085 Extra"]
[Source "ChessBase"]
[SourceDate "2002.01.21"]
[SourceVersion "1"]
[SourceVersionDate "2002.01.21"]
[SourceQuality "1"]

1. e4 g6 2. d4 Bg7 3. Nc3 d6 4. Bc4 Nf6 5. Nf3 0-0 6. 0-0 c6 7. e5 dxe5 8. dxe5 Qxd1 9. Rxd1 Ng4 10. Re1 b5 11. Bb3 e6 12. h3 Nh6 13. Ne4 Nf5 14. Bg5 h6 15. Bf6 Bxf6 16. Nxf6+ Kg7 17. Rad1 a5 18. a3 Ra7 19. g4 Ne7 20. h4 Nd5 21. Bxd5 cxd5 22. Rd4 Nc6 23. Rf4 Rc7 24. g5 h5 1-0

[Event "Chania op 10th"]
[Site "Chania"]
[Date "2000.08.10"]
[Round "9"]
[White "Shavtvaladze, Nikoloz"]
[Black "Koukoufikis, Georgios"]
[Result "1-0"]
[WhiteElo "2314"]
[BlackElo "2151"]
[PlyCount "31"]
[EventDate "2000.08.03"]
[EventType "swiss"]
[EventRounds "9"]
[EventCountry "GRE"]
[SourceTitle "EXT 2001"]
[Source "ChessBase"]
[SourceDate "2000.11.22"]
[SourceVersion "1"]
[SourceVersionDate "2000.11.22"]
[SourceQuality "1"]

1. e4 d6 2. d4 g6 3. Nc3 Bg7 4. f4 Nf6 5. Nf3 0-0 6. Bd3 Na6 7. 0-0 c5 8. d5 Nc7 9. a4 e6 10. dxe6 Nxe6 11. f5 Nd4 12. Bg5 Qb6 13. a5 Qxb2 14. Nxd4 cxd4 15. Na4 Qb4 16. Bd2 1-0

[Event "Chania op 10th"]
[Site "Chania"]
[Date "2000.08.09"]
[Round "8"]
[White "Koukoufikis, Georgios"]
[Black "Simeonidis, Ioannis"]
[Result "1/2-1/2"]
[WhiteElo "2151"]
[BlackElo "2262"]
[PlyCount "59"]
[EventDate "2000.08.03"]
[EventType "swiss"]
[EventRounds "9"]
[EventCountry "GRE"]
[SourceTitle "EXT 2001"]
[Source "ChessBase"]
[SourceDate "2000.11.22"]
[SourceVersion "1"]
[SourceVersionDate "2000.11.22"]
[SourceQuality "1"]

1. g3 d5 2. Bg2 c6 3. d3 Bg4 4. h3 Bh5 5. Nf3 e6 6. Nc3 Nd7 7. e4 Bd6 8. Ne2 Ngf6 9. exd5 Nxd5 10. 0-0 0-0 11. d4 a6 12. c4 Ne7 13. Bf4 Bxf4 14. Nxf4 Bxf3 15. Bxf3 Nf6 16. Qb3 Qc7 17. Rad1 Rad8 18. Rfe1 Rd7 19. d5 cxd5 20. cxd5 e5 21. Nd3 Ng6 22. Rc1 Qb8 23. Nc5 Re7 24. d6 Qxd6 25. Nxb7 Qb8 26. Nc5 Qa7 27. Qa3 a5 28. Bg2 h5 29. Nb3 h4 30. g4 1/2-1/2

[Event "Chania op 10th"]
[Site "Chania"]
[Date "2000.08.05"]
[Round "3"]
[White "Koukoufikis, Georgios"]
[Black "Ovsejevitsch, Sergei"]
[Result "0-1"]
[WhiteElo "2151"]
[BlackElo "2526"]
[PlyCount "68"]
[EventDate "2000.08.03"]
[EventType "swiss"]
[EventRounds "9"]
[EventCountry "GRE"]
[SourceTitle "EXT 2001"]
[Source "ChessBase"]
[SourceDate "2000.11.22"]
[SourceVersion "1"]
[SourceVersionDate "2000.11.22"]
[SourceQuality "1"]

1. e4 g6 2. g3 Bg7 3. Bg2 e5 4. d3 d6 5. Nc3 Nc6 6. Nge2 h5 7. h4 Bg4 8. f3 Be6 9. Be3 Nd4 10. Qd2 Qd7 11. Bg5 c5 12. Nd5 Bxd5 13. exd5 Ne7 14. c4 Nef5 15. Nxd4 Nxd4 16. 0-0-0 b5 17. Be3 bxc4 18. dxc4 Rb8 19. Bxd4 cxd4 20. Bh3 Qa4 21. b3 Qa3+ 22. Qb2 Qc5 23. Rhe1 0-0 24. g4 hxg4 25. fxg4 e4 26. Rxe4 d3 27. Qb1 Rfe8 28. Qxd3 Qa3+ 29. Kd2 Qxa2+ 30. Ke1 Qh2 31. Rxe8+ Rxe8+ 32. Kf1 Qf4+ 33. Kg1 Re3 34. Qd2 Bc3 0-1